Hoạt động lấy phiếu tín nhiệm của Quốc hội Việt Nam /

Zapisane w:
Opis bibliograficzny
1. autor: Nguyễn Mai Thuyên.
Format: Artykuł
Język:Vietnamese
Hasła przedmiotowe:
Etykiety: Dodaj etykietę
Nie ma etykietki, Dołącz pierwszą etykiete!
Thư viện lưu trữ: Thư viện Trường Đại học Đà Lạt
LEADER 00806nam a2200265 4500
001 DLU180183976
005 ##20180316
040 # # |a DLU  |b vie 
041 # # |a vie 
044 # # |a vn 
100 # # |a Nguyễn Mai Thuyên. 
245 # # |a Hoạt động lấy phiếu tín nhiệm của Quốc hội Việt Nam /  |c Nguyễn Mai Thuyên. 
653 # # |a Cán bộ lãnh đạo 
653 # # |a Giám sát 
653 # # |a Phiếu tín nhiệm 
653 # # |a Quốc hội 
773 # # |t Tạp chí Khoa học xã hội Việt Nam  |g Số 6(116), 2017, tr. 3-11 
920 # # |a Phòng Tạp chí -- Trung tâm Thông tin - Thư viện Trường Đại học Đà Lạt 
900 # # |a True 
911 # # |a Hoàng Thị Huyền 
925 # # |a G 
926 # # |a A 
927 # # |a BB 
980 # # |a Thư viện Trường Đại học Đà Lạt